000 00443cam a2200145 4500500
005 20251116013604.0
041 _afre
042 _adc
100 1 0 _aBaron, Anne-Marie
_eauthor
245 0 0 _aLa Vie devant moi de Nils Tavernier
260 _c2025.
500 _a58
786 0 _nRevue Sens | 462 | 6 | 2025-10-27 | p. 93-95 | 0337-6222
856 4 1 _uhttps://shs.cairn.info/revue-revue-sens-2025-6-page-93?lang=fr&redirect-ssocas=7080
999 _c1563571
_d1563571